Score 0/20 Timer 02:00
1 Play Today
% Correct
Saving
97.9%
Will
96.3%
Lisa
95.2%
True
94.3%
Club
92.8%
Pretty
91.6%
Curious
89.8%
Inglourious
88.4%
Brother
87.2%
Wedding
86.5%
% Correct
Air
86.5%
River
84.6%
Fire
84.3%
Ides
83.4%
Fox
77.4%
Pelican
72.5%
Luck
71.4%
Interview
67.8%
Brockovich
66.7%
Talented
65.7%

Today's Daily Dose

Missing Word
'T' Pairs

Word Ladder
Game Pieces

Get the Picture
Baseball Movies

Remove Ads.
Support Sporcle.
Get the best of Sporcle when you Go Orange. This ad-free experience offers more features, more stats, and more fun while also helping to support Sporcle. Thank you for becoming a member.

You're not logged in!

Compare scores with friends on all Sporcle quizzes.
OR
Log In

Show Comments

Extras

Top Quizzes Today


Score Distribution

Your Account Isn't Verified!

In order to create a playlist on Sporcle, you need to verify the email address you used during registration. Go to your Sporcle Settings to finish the process.

Report this User

Report this user for behavior that violates our Community Guidelines.

Details: